000 00356 a2200109 4500
001 ART_22231
005 20260410161852.0
008 260409a
245 1 0 _aNulidad del despido sin causa
100 1 _aCapon Filas, Rodolfo E.
773 0 _tDerecho del trabajo
_gExtinción del Contrato de Trabajo - Año II, Nº 7 (ene. 2014)
_wREV10447
999 _c25134
_d25134